| 000 | 00000nam##2200000za#4500 |
| 001 | 9.589654 |
| 003 | CaOODSP |
| 005 | 20210624195742 |
| 007 | cr ||||||||||| |
| 008 | 150406|1998||||xxc|||||o f|0| 0 fre|d |
| 040 | |aCaOODSP|bfre |
| 041 | |aeng |
| 041 | |afre |
| 043 | |an-cn--- |
| 086 | 1 |aSP2-6/1997-PDF |
| 110 | 1 |aCanada. |bImprimeur de la Reine. |
| 245 | 10|aBanques à charte - soldes non réclamés |h[ressource électronique] |
| 260 | |bImprimeur de la Reine |cLe 27 juin 1998. |
| 300 | |a362p.|btableaux, index |
| 490 | 1 |aGazette du Canada, Partie I. Supplément |
| 520 | 3 |aLes états ci-annexés ont été compilés d’après les relevés fournis en application de l’article 638 de la Loi sur les banques et l’article 504 de la Lois sur les sociétés de fiducie et de prêt. Les montant déclarés sont des montants de 100 $ et plus, payables au Canada en monnaie canadienne, qui sont restés non réclamés pendant neuf ans ou plus. |
| 590 | |a13-25-Supp|b2013-10-28 |
| 691 | 07|aOpération bancaire|2gcpds |
| 776 | 0#|tChartered banks: unclaimed balances : |w(CaOODSP)9.530936 |
| 791 | |tChartered banks - unclaimed balances |eeng|w(CaOODSP)9.589653 |
| 830 | #0|aGazette du Canada, partie I. Supplément.|w(CaOODSP)9.500176 |
| 856 | 40|ahttp://publications.gc.ca|qPDF|s1.73 Mo|uhttps://publications.gc.ca/collections/collection_2013/gazette/SP2-6-1997.pdf |